000 00871nam a22002297a 4500
005 2012011804114.0
008 120118t xxu||||| |||| 00| 0 eng d
010 _aENG-104759
020 _a9788130909608
_c295.00
035 _aEN-88292
037 _bDBAD/PUB
040 _aDPL
_bEng
082 _a883.092
100 _aVasudevan Nair, M. T.
_939415
_d1934-
245 _aBear with me mother :
_bmemoirs and stories /
_cby M.T. Vasudevan Nair ; translated by Gita Krishnakutty
260 _aNew Delhi
_bViva Books
_c2010
270 _a4737/23, Ansari Road
_bNew Delhi
_e110002
300 _a342p :
_c23cm(pbk)
700 _aKrishnakutty,Gita
_939425
942 _2ddc
_cEN
_h883.092
_mVAS
999 _c61077
_d61077